Graded Lamba Grammer and Exercises / (Record no. 4038)
[ view plain ]
| 000 -LEADER | |
|---|---|
| fixed length control field | 00361cas a2200133 4500 |
| 008 - FIXED-LENGTH DATA ELEMENTS--GENERAL INFORMATION | |
| fixed length control field | 090519n eng u |
| 035 ## - SYSTEM CONTROL NUMBER | |
| System control number | (Sirsi) a165213 |
| 100 1# - MAIN ENTRY--PERSONAL NAME | |
| Personal name | Doke, C. M. |
| 245 ## - TITLE STATEMENT | |
| Title | Graded Lamba Grammer and Exercises / |
| Statement of responsibility, etc. | C. M. Doke |
| 260 ## - PUBLICATION, DISTRIBUTION, ETC. | |
| Place of publication, distribution, etc. | Ndola: |
| Name of publisher, distributor, etc. | Lambaland Baptist Mission, |
| Date of publication, distribution, etc. | |
| 300 ## - PHYSICAL DESCRIPTION | |
| Extent | i-vi,261p. |
| 350 ## - PRICE (NR) (BK AM CF MU VM SE) [OBSOLETE] | |
| Price | K150,000.00 |
| 650 ## - SUBJECT ADDED ENTRY--TOPICAL TERM | |
| Topical term or geographic name entry element | Lamba |
| Withdrawn status | Lost status | Source of classification or shelving scheme | Damaged status | Not for loan | Home library | Current library | Shelving location | Cost, normal purchase price | Total Checkouts | Full call number | Barcode | Date last seen | Copy number | Price effective from | Koha item type |
|---|---|---|---|---|---|---|---|---|---|---|---|---|---|---|---|
| Library of Congress Classification | Main Library | Main Library | Special collections | 0.00 | PL 8431 DOK | 33729005097626 | 08/09/2019 | 1 | 08/09/2019 | Special Collection | |||||
| Library of Congress Classification | Main Library | Main Library | Special collections | 0.00 | PL 8431 DOK | 33729005098236 | 08/09/2019 | 2 | 08/09/2019 | Book |